000 00609nam a2200229Ia 4500
003 OSt
005 20221007071505.0
006 a|||||r|||| 00| 0
007 ta
008 221006b |||||||| |||| 00| 0 eng d
024 _a24,256
037 _cTextual
040 _aFLL
_cFLL
_beng
041 _2eng
_aeng
082 _aZ3:356, K7
100 _aDiamond Aubrey L.
_9278218
245 0 _aIntroduction to hire-purchase law
260 _aLondon
_bButterworths UK
_c1967
300 _axxiv,164p
_ccm.
942 _hZ3:356, K7
_cTEXL
_2CC
999 _c1143492
_d1143492